Ahli syurga dan neraka

Bibliographic Details
Format: Book
Published: Kuala Lumpur : Fargoes Sdn Bhd , 1994
Subjects:

MARC

LEADER 00000cam a2200000 7i4500
001 0000043621
005 19970101.0
008 970101s1994
020 |a 9679274799 
090 0 0 |a JF SIR 
245 0 0 |a Ahli syurga dan neraka 
260 |a Kuala Lumpur :   |b Fargoes Sdn Bhd ,   |c 1994 
300 |a 47p, :   |b ill ;   |c 19cm. 
650 0 0 |a Junior fiction-malay 
999 |a 00863   |b Buku   |c Koleksi Pinjaman Kanak-Kanak   |e Perbadanan Perpustakaan Awam Melaka 
999 |a 00864   |b Buku   |c Koleksi Pinjaman Kanak-Kanak   |e Perbadanan Perpustakaan Awam Melaka